La Revolución morazanista

Enregistré dans:
Détails bibliographiques
Auteur principal: Díaz Chavez, Filander
Format: Texte
Publié: Tegucigalpa: Guaymuras
Édition:2
Tags: Ajouter un tag
Pas de tags, Soyez le premier à ajouter un tag!

MARC

LEADER 00000 a a2200000 04500
001 23904
003
040
090 |a 165200  
100 |a Díaz Chavez, Filander  
245 |a La Revolución morazanista  
250 |a 2  
260 |a Tegucigalpa:   |b Guaymuras  
300 |a 281 p.  
999 |c 1846  |d 1846